|
|
|
|
| LEADER |
00000cam a22000004a 4500 |
| 001 |
musev2_76638 |
| 003 |
MdBmJHUP |
| 005 |
20230905051920.0 |
| 006 |
m o d |
| 007 |
cr||||||||nn|n |
| 008 |
200305s2020 mou o 00 0 eng d |
| 010 |
|
|
|z 2020010710
|
| 020 |
|
|
|a 9780826274472
|
| 020 |
|
|
|z 9780826222121
|
| 035 |
|
|
|a (OCoLC)1145900003
|
| 040 |
|
|
|a MdBmJHUP
|c MdBmJHUP
|
| 100 |
1 |
|
|a McCabe, Nancy,
|d 1962-
|e author.
|
| 245 |
1 |
0 |
|a Can This Marriage Be Saved? :
|b A Memoir /
|c Nancy McCabe.
|
| 264 |
|
1 |
|a Columbia, Missouri :
|b University of Missouri Press,
|c [2020]
|
| 264 |
|
3 |
|a Baltimore, Md. :
|b Project MUSE,
|c 2020
|
| 264 |
|
4 |
|c ©[2020]
|
| 300 |
|
|
|a 1 online resource (290 pages):
|b illustrations
|
| 336 |
|
|
|a text
|b txt
|2 rdacontent
|
| 337 |
|
|
|a computer
|b c
|2 rdamedia
|
| 338 |
|
|
|a online resource
|b cr
|2 rdacarrier
|
| 505 |
0 |
|
|a Intro -- Contents -- Can This Marriage Be Saved? A Quiz -- Question 1 -- The Garden of Earthly Delights -- Question 2 -- Ways to Tell a Story -- Facts about the Moon -- Question 3 -- First Love: A Curriculum Guide -- Question 4 -- Before and After -- Questions 5 -- 6 -- With Abandon -- Question 7 -- Honeymoon Reservations -- Question 8 -- Breathing on Your Own -- What Survives -- Flight: Part 1 -- Metamorphosis -- Flight: Part 2 -- Question 9 -- Things of Eternal Worth -- Questions 10 -- 11 -- Speak Softly -- Can This Marriage Be Saved? Answer Key -- Cabin Helper -- Author's Note
|
| 520 |
|
|
|a "Borrowing from women's magazine quizzes, Bosch's Garden of Earthly Delights and Kafka's "Metamorphosis," how-to essays and Before and After weight loss ads, a curriculum guide and Bible study notes and obsessions with Tom Swiftie jokes, Nancy McCabe looks at the many influences that led her into an ill-advised youthful marriage-and out of it-into finally taking responsibility for and control of her life"--
|c Provided by publisher.
|
| 588 |
|
|
|a Description based on print version record.
|
| 600 |
1 |
7 |
|a McCabe, Nancy,
|d 1962-
|2 fast
|0 (OCoLC)fst00490247
|
| 600 |
1 |
1 |
|a McCabe, Nancy,
|d 1962-
|x Marriage.
|
| 600 |
1 |
1 |
|a McCabe, Nancy,
|d 1962-
|x Childhood.
|
| 600 |
1 |
0 |
|a McCabe, Nancy,
|d 1962-
|x Childhood.
|
| 600 |
1 |
0 |
|a McCabe, Nancy,
|d 1962-
|x Marriage.
|
| 650 |
|
7 |
|a Women.
|2 fast
|0 (OCoLC)fst01176568
|
| 650 |
|
7 |
|a Marriage.
|2 fast
|0 (OCoLC)fst01010443
|
| 650 |
|
7 |
|a Children.
|2 fast
|0 (OCoLC)fst00854835
|
| 650 |
|
6 |
|a Mariage
|z États-Unis.
|
| 650 |
|
6 |
|a Femmes
|z États-Unis
|v Biographies.
|
| 650 |
|
0 |
|a Marriage
|z United States.
|
| 650 |
|
0 |
|a Women
|z United States
|v Biography.
|
| 651 |
|
7 |
|a United States.
|2 fast
|0 (OCoLC)fst01204155
|
| 655 |
|
7 |
|a Biographies.
|2 fast
|0 (OCoLC)fst01919896
|
| 655 |
|
7 |
|a Electronic books.
|2 local
|
| 710 |
2 |
|
|a Project Muse.
|e distributor
|
| 830 |
|
0 |
|a Book collections on Project MUSE.
|
| 856 |
4 |
0 |
|z Texto completo
|u https://projectmuse.uam.elogim.com/book/76638/
|
| 945 |
|
|
|a Project MUSE - Custom Collection
|
| 945 |
|
|
|a Project MUSE - 2020 Complete
|
| 945 |
|
|
|a Project MUSE - 2020 Global Cultural Studies
|